La contribución española en las aeronaves de alas giratorias (Record no. 181429)

MARC details
000 -LEADER
campo de control de longitud fija 00672nam a2200193 i 4500
001 - NÚMERO DE CONTROL
campo de control 181429
003 - IDENTIFICADOR DE NÚMERO DE CONTROL
campo de control ES-MaACL
005 - FECHA Y HORA DE LA ÚLTIMA TRANSACCIÓN
campo de control 20231017141911.0
008 - DATOS DE LONGITUD FIJA--INFORMACIÓN GENERAL
campo de control de longitud fija 130116s2011 sp |||| | spa d
080 ## - NÚMERO DE LA CLASIFICACIÓN DECIMAL UNIVERSAL
Número de la Clasificación Decimal Universal 629.735.4
100 1# - ENTRADA PRINCIPAL--NOMBRE DE PERSONA
Nombre de persona López Ruiz, José Luis.
9 (RLIN) 73945
245 13 - MENCIÓN DEL TÍTULO
Título La contribución española en las aeronaves de alas giratorias
Resto del título : cuando las alas giran sobre la piel de toro /
Mención de responsabilidad, etc. José Luis López Ruiz.
260 ## - PUBLICACIÓN, DISTRIBUCIÓN, ETC.
Lugar de publicación, distribución, etc. [S.l.] :
Nombre del editor, distribuidor, etc. Eurocopter,
Fecha de publicación, distribución, etc. [2011]
300 ## - DESCRIPCIÓN FÍSICA
Extensión 293 p. :
Otras características físicas il. ;
Dimensiones 25 cm.
650 04 - PUNTO DE ACCESO ADICIONAL DE MATERIA--TÉRMINO DE MATERIA
Término de materia o nombre geográfico como elemento de entrada Helicópteros.
9 (RLIN) 13299
852 ## - LOCALIZACIÓN
Ubicación ES-MaACL
Número de control de estantería A-12522
itemnumber 188329
Sublocalización o colección R.148525
Ubicación en estantería Depósito 1
Signatura antigua Olim: N-5526
942 ## - ELEMENTOS DE ENTRADA SECUNDARIOS (KOHA)
Fuente del sistema de clasificación o colocación Clasificación decimal universal
Tipo de ítem Koha Libro impreso
Holdings
Estatus retirado Estado de pérdida Fuente del sistema de clasificación o colocación Estado de daño No para préstamo Biblioteca de origen Biblioteca actual Ubicación en estantería Fecha de adquisición Fuente de adquisición Total de préstamos Signatura topográfica completa Código de barras Visto por última vez Precio de reemplazo Tipo de ítem Koha
    Clasificación decimal universal     Biblioteca del Ateneo de Madrid Biblioteca del Ateneo de Madrid Depósito 1 16/01/2013 Donación   A-12522 1190670 23/02/2023 23/02/2023 Libro impreso